Kainuun naapurikunnat - Statistics

Yleistilastot
  • Tätä visaa on pelattu 17 kertaa
  • Keskiarvotulos 9 / 12
Vastaustilastot
Kunta % Oikein
Taivalkoski
100%
Kuusamo
86%
Lieksa
86%
Nurmes
86%
Pudasjärvi
86%
Utajärvi
86%
Vaala
79%
Sonkajärvi
64%
Vieremä
64%
Rautavaara
57%
Siikalatva
50%
Pyhäntä
36%
Ehtoja vastaavia visoja ei löytynyt
Tulosjakauma
Jokaisen tuloksen saaneiden osuus
Persentiili vastausten määrän mukaan
Tuloshistoriasi
Et ole pelannut tätä visaa